000 01109cam a2200373 a 4500
001 1955
003 FISKH
005 20250422092806.0
008 860213r19871970maua j 000 0 eng
010 _a 86002534
020 _a9780590425667
020 _a9780140557138
020 _a0590425668
040 _aDLC
_cDLC
_dDLC
_beng
042 _alcac
050 0 0 _aQK49
_b.C335 1987
082 0 0 _a582
_219
100 1 _aCarle, Eric.
245 1 4 _aThe tiny seed /
_cEric Carle.
260 _aNew York :
_bScholastic :
_c1987.
300 _a32 unnumbered pages :
_bcolor illustrations ;
_c28 cm.
505 _aJ
520 _aA simple description of a flowering plant's life cycle through the seasons.
521 8 _a500
_bLexile
521 8 _aJ
_bRaz-Plus
650 0 _aPlants
_xJuvenile literature.
650 0 _aSeeds
_xJuvenile literature.
650 0 _aPlant life cycles
_xJuvenile literature.
650 0 _aSeeds
_xDispersal
_xJuvenile literature.
650 1 _aSeeds
_xDispersal.
650 1 _aPlants.
906 _a7
_bcbc
_corignew
_d1
_eocip
_f19
_gy-gencatlg
942 _2ddc
_cBK
_n0
999 _c1955
_d1955